000
00312nam a2200121Ia 4500
008
190216s9999||||xx |||||||||||||| ||und||
100
_a
Toh C K
245
0
_a
Adhoc Mobile Wireless Networks Protocols And Systems
260
_b
Pearson Education International
300
_a
302
650
_a
Physics
942
_c
BK
999
_c
34185
_d
34185